| 000 | 00414nam a2200169Ia 4500 | ||
|---|---|---|---|
| 008 | 230524s9999 xx 000 0 und d | ||
| 020 | _a0070473552 | ||
| 082 |
_a610.28 _bKHA |
||
| 100 | _aR.S.Khandpur | ||
| 245 | 0 | _aHand Book of Biomedical Instrumentation | |
| 250 | _a2ND | ||
| 260 |
_aNEW DELHI _bTMH _c2003 |
||
| 300 | _aXVIII;902 | ||
| 500 | _aQuantity Number: 33 | ||
| 650 | _aBiomedical | ||
| 942 | _cBK | ||
| 999 |
_c31880 _d31880 |
||